Osaatko siteerata Raamattua? - Statistics

Yleistilastot
  • Tätä visaa on pelattu 334 kertaa
  • Keskiarvotulos 7 / 16
Vastaustilastot
Hint Vastaus % Oikein
Etsikää, niin te ________. löydätte (Matt. 7:7)
97%
Olenko minä veljeni _______? vartija (1. Moos. 4:9)
72%
Kukaan ei voi palvella kahta ______. herraa (Matt. 6:24)
69%
helpompi on _______ mennä neulansilmästä kuin rikkaan päästä Jumalan valtakuntaan. kamelin (Matt. 19.24)
63%
Ja Jumala loi ihmisen _________ kuvakseen (1. Moos. 1:27)
58%
Vaikka minä kulkisin ________ _________, en pelkäisi mitään pahaa. pimeässä laaksossa (Ps. 23:4)
56%
älkääkä heittäkö helmiänne _______ eteen sikojen (Matt. 7:6)
56%
ei ole mitään uutta ________ ____. auringon alla (Saarn. 1:9)
45%
Tahtoa ihmisellä on, mutta luonto on ______. heikko (Matt. 26:41)
42%
Autuaita kärsivälliset: he _______ ____. perivät maan (Matt. 5:5)
35%
Sinut on vaa'alla punnittu ja ________ havaittu. kevyeksi (Dan. 5:27)
22%
Miten ahdas onkaan se portti ja _____ __ ___, joka vie elämään kapea se tie (Matt. 7:14)
21%
Rahanhimo on kaiken _____ _________. pahan alkujuuri (1. Tim. 6:10)
21%
Mene maahan, joka tulvii ______ __ _______ maitoa ja hunajaa (2. Moos. 33:3)
19%
Käy _____ ____ kilpailu ja voita omaksesi ikuinen elämä uskon jalo (1. Tim. 6:12)
7%
Petollinen on ihmissydän, ____ __ ____________ vailla vertaa! paha ja parantumaton (Jer. 17:9)
1%
Ehtoja vastaavia visoja ei löytynyt
Tulosjakauma
Jokaisen tuloksen saaneiden osuus
Persentiili vastausten määrän mukaan
Tuloshistoriasi
Et ole pelannut tätä visaa